| 000 | 00565nam a22002057a 4500 | ||
|---|---|---|---|
| 003 | OSt | ||
| 005 | 20140310182934.0 | ||
| 008 | 130201t xxu||||| |||| 00| 0 eng d | ||
| 020 | _a9789712724121 | ||
| 050 |
_aHX 406.5 _b.G958 2010 |
||
| 082 |
_aFIL 321 .G958 2010 _b.G958 2010 |
||
| 245 |
_aMarxism in the Philippines : continuing engagements _cGuillermo, Alice G...et al. |
||
| 260 |
_aManila _bAnvil _cc2010 |
||
| 300 |
_axii, 228 p. _c23 cm. |
||
| 521 | _aCollege | ||
| 526 | _c1210L-1700L | ||
| 541 | _j1 | ||
| 562 | _e1 | ||
| 942 |
_2lcc _cBK _kFIL |
||
| 999 |
_c17583 _d17583 |
||